Music Quiz

Random Music or Bands Quiz

'My' Songs Quiz Stats

 Plays Quiz Updated Nov 2, 2021

     
Support Sporcle.
Go Orange.
Score 0/30 Timer 07:00
1 Play Today
Artist/Band Song % Correct
The TemptationsMy Girl
75.7%
Justin TimberlakeMy Love
50.4%
Black Eyed PeasMy Humps
46.3%
Frank SinatraMy Way
43.5%
The KnackMy Sharona
43.4%
The WhoMy Generation
39.9%
Billy JoelMy Life
35.7%
CĂ©line DionMy Heart Will Go On
35%
EvanescenceMy Immortal
27.4%
Bobby BrownMy Prerogative
25.8%
EminemMy Name Is
23.3%
Mary WellsMy Guy
23.2%
George HarrisonMy Sweet Lord
20.4%
Foo FightersMy Hero
18%
CreedMy Sacrifice
13.9%
Artist/Band Song % Correct
Chuck BerryMy Ding-a-Ling
13.8%
Run-D.M.C.My Adidas
13.8%
Stevie WonderMy Cherie Amour
13%
CarsMy Best friend's Girl
12.1%
Johnny GillMy, My, My
9.6%
Samuel Francis SmithMy Country, 'Tis of Thee
9.2%
The White StripesMy Doorbell
9.1%
Sheryl CrowMy Favorite Mistake
7.2%
RadioheadMy Iron Lung
6.6%
En VogueMy Lovin' (You're Never Gonna Get It)
6.3%
Bee GeesMy World
6.2%
SladeMy Oh My
6%
The AngelsMy Boyfriend's Back
5.8%
LonestarMy Front Porch Looking In
3.6%
Mary MartinMy Favorite Things
2.9%

From the Vault

Uncommon Singing Duos

by manonthemoon

Music 6m
You wouldn't want to see just any old singing duo up on stage.
Remove Ads.
Support Sporcle.
Get the best of Sporcle when you Go Orange. This ad-free experience offers more features, more stats, and more fun while also helping to support Sporcle. Thank you for becoming a member.

Show Comments

Extras

Top Quizzes Today


Score Distribution

Your Account Isn't Verified!

In order to create a playlist on Sporcle, you need to verify the email address you used during registration. Go to your Sporcle Settings to finish the process.

Report this User

Report this user for behavior that violates our Community Guidelines.

Details: